000 00759nam a2200229 a 4500
999 _c1109
_d1109
001 1109
003 BD-JhCC
005 20171015174433.0
008 171015s1981 bg a|||| ||a| 000 0 ben d
035 _a(BD-JhCC)1109
040 _aBD-JhCC
_dBD-JhCC
041 _aben
082 _a891.4435
_bSAR 1981
100 _aসারওয়েন, উইলিয়াম
245 _aপৌষ ফাগুনের পালা /
_cউইলিয়াম সারওয়েন, নিভা মওলা (অনু.)
260 _aঢাকা :
_bখোরশেদ কিতাব মহল,
_c1981.
300 _a237 p. :
_c22 cm.
650 _aShort Stories, Bengali
700 _aমওলা, নিভা
942 _2ddc
_cBK